000 00588nam a2200181Ia 4500
008 100917s9999 xx 000 0 und d
082 _b44946
100 _aचौधरी बहिणाबाई
245 _aबहिणाबाइंर्ची गाणी
260 _bपॉप्युलर प्रकाशन
_c1978
300 _a133
365 _b9
520 _aकविता
630 _aबहिणाबाइंर्ची गाणी
650 _aकविता
730 _aबहिणाबाइंर्ची गाणी
942 _cBOOK
999 _c650340
_d650337